Human population genetics / (Record no. 5361)

MARC details
000 -LEADER
fixed length control field 01453cam a2200301 a 4500
001 - CONTROL NUMBER
control field 16862789
003 - CONTROL NUMBER IDENTIFIER
control field mut
005 - DATE AND TIME OF LATEST TRANSACTION
control field 20240606080954.0
008 - FIXED-LENGTH DATA ELEMENTS--GENERAL INFORMATION
fixed length control field 110708s2012 njua b 001 0 eng
010 ## - LIBRARY OF CONGRESS CONTROL NUMBER
LC control number 2011028962
020 ## - INTERNATIONAL STANDARD BOOK NUMBER
International Standard Book Number 9780470464670 (pbk.)
040 ## - CATALOGING SOURCE
Original cataloging agency DLC
Transcribing agency DLC
042 ## - AUTHENTICATION CODE
Authentication code pcc
050 00 - LIBRARY OF CONGRESS CALL NUMBER
Classification number GN289
Item number .R45 2012
082 00 - DEWEY DECIMAL CLASSIFICATION NUMBER
Classification number 599.93/5
Edition information 23
084 ## - OTHER CLASSIFICATION NUMBER
Classification number SOC002020
Number source bisacsh
100 1# - MAIN ENTRY--PERSONAL NAME
Personal name Relethford, John.
245 10 - TITLE STATEMENT
Title Human population genetics /
260 ## - PUBLICATION, DISTRIBUTION, ETC.
Place of publication, distribution, etc. Hoboken, N.J. :
Name of publisher, distributor, etc. Wiley-Blackwell,
Date of publication, distribution, etc. c2012.
300 ## - PHYSICAL DESCRIPTION
Extent xi, 296 p. :
Other physical details ill. ;
Dimensions 26 cm.
500 ## - GENERAL NOTE
General note Includes bibliographical references (p. 267-278) index.
520 ## - SUMMARY, ETC.
Summary, etc. "Human Population Genetics will provide an introduction to mathematical population genetics, along with relevant examples from human (and some non-human primate) populations, and will also present concepts and methods of population genetics that are specific to the study of human populations. The purpose of this book is to provide a basic background text for advanced undergraduate and graduate students interesting in the mechanisms of human microevolution"--
Assigning source Provided by publisher.
650 #0 - SUBJECT ADDED ENTRY--TOPICAL TERM
Topical term or geographic name entry element Human population genetics.
650 #7 - SUBJECT ADDED ENTRY--TOPICAL TERM
Topical term or geographic name entry element SOCIAL SCIENCE / Anthropology / Physical.
Source of heading or term bisacsh
906 ## - LOCAL DATA ELEMENT F, LDF (RLIN)
a 7
b cbc
c orignew
d 1
e ecip
f 20
g y-gencatlg
942 ## - ADDED ENTRY ELEMENTS (KOHA)
Source of classification or shelving scheme Library of Congress Classification
Koha item type Books
Holdings
Withdrawn status Lost status Source of classification or shelving scheme Damaged status Not for loan Home library Current library Date acquired Total checkouts Full call number Barcode Date last seen Price effective from Koha item type
    Library of Congress Classification     Murang'a University of Technology Library Murang'a University of Technology Library 14/02/2017   GN289 .R45 2012 005595 14/02/2017 14/02/2017 Books